American Diplomacy <The> Twentieth Century

Uložené v:
Podrobná bibliografia
Hlavný autor: Ferrell, Robert H.
Médium: Kniha
Jazyk:English
Vydavateľské údaje: New York Norton 1988
Vydanie:1. ed.
Tagy: Pridať tag
Žiadne tagy, Buďte prvý, kto otaguje tento záznam!

MARC

LEADER 00000nam a2200000 4500
001 c022258
005 20221206134048.0
041 0 |a eng 
044 |a US 
245 1 0 |a American Diplomacy  |b <The> Twentieth Century  |c Robert H. Ferrell 
250 |a 1. ed. 
264 1 |a New York  |b Norton  |c 1988 
300 |a 427 s. 
100 1 |a Ferrell, Robert H.